000
00314nam a2200121Ia 4500
008
190216s9999||||xx |||||||||||||| ||und||
100
_a
Velayudhan S
245
0
_a
General Composition For Junior Colleges
260
_b
Somaiya Publications Pvt Ltd
_c
1977
300
_a
135p
650
_a
English Essay
942
_c
BK
999
_c
12649
_d
12649